000 00503nam a2200169Ia 4500
008 210716s2003 xx 000 0 und d
020 _a8178812398
041 _aeng
082 _a658.1599 SEEK
100 _aSeethapathi, K; Suryanarayana, A; Subbulakshmi, V.
245 _aFinancing international projects.
250 _a1
260 _aHyderabad
_bICFAI University Press
_c2003
300 _a203
650 _aInternational Finance
700 _aSeethapathi, K; Suryanarayana, A; Subbulakshmi, V.
999 _c202345
_d202345